New Zealand and environmental issues (Record no. 7787)

000 -LEADER
fixed length control field 00397pab a2200145 454500
008 - FIXED-LENGTH DATA ELEMENTS--GENERAL INFORMATION
fixed length control field 180718b1991 xxu||||| |||| 00| 0 eng d
100 ## - MAIN ENTRY--PERSONAL NAME
Personal name Kennaway, Richard
245 ## - TITLE STATEMENT
Title New Zealand and environmental issues
Remainder of title The growing international dimension
260 ## - PUBLICATION, DISTRIBUTION, ETC.
Date of publication, distribution, etc. 1991
300 ## - PHYSICAL DESCRIPTION
Extent 59-73
362 ## - DATES OF PUBLICATION AND/OR SEQUENTIAL DESIGNATION
Dates of publication and/or sequential designation Jan.
650 ## - SUBJECT ADDED ENTRY--TOPICAL TERM
Topical term or geographic name entry element Environmental Policy - New Zealand
773 ## - HOST ITEM ENTRY
Main entry heading The Round Table
909 ## -
-- 7787
Holdings
Withdrawn status Lost status Damaged status Not for loan Permanent Location Current Location Date acquired Serial Enumeration / chronology Barcode Date last seen Price effective from Koha item type
        Indian Institute of Public Administration Indian Institute of Public Administration 2018-07-19 Issue no: 317 AR7798 2018-07-19 2018-07-19 Articles

Powered by Koha